00920nam a2200241 i 450000500170000000800410001702000150005804000350007304100080010808200170011611000420013324501610017525000220033626400280035830000250038633600270041133700330043833800280047149000430049965000450054265000450058765000460063220220316235643.0121119s2002 sp gs 000 0 spa d a8474265673 aCO-BoRNBPbspacCO-BoRNBPerda0 aspa04a323.01bO17d2 aObservatorio de Derechos Humanos DESC13aEl derecho a exigir nuestros derechosbderechos económicos, sociales y culturales en el panorama internacionalcObservatorio DESC, Terre des Hommes-France aPrimera edición 1aBarcelonabIcariac2002 a358 páginasc22 cm atextobtxt2rdacontent asin mediaciónbn2rdamedia avolumenbnc2rdacarrier aIcaria antrazit : relaciones Norte-Sur14aDerechos civileszAmérica Latina2LEMB14aDerechos humanoszAmérica Latina2LEMB14aPolítica socialzAmérica Latina2LEMB